[Event "Berlin Lichtenberger op 18th"]
[Site "Berlin"]
[Date "2019.08.25"]
[Round "9"]
[White "Poseck, Steffen"]
[Black "Bender, Sebastian1111"]
[Result "1/2-1/2"]
[WhiteElo "2041"]
[BlackElo "1911"]
[PlyCount "127"]
[EventDate "2019.08.17"]
[EventType "swiss"]
[EventRounds "9"]
[EventCountry "GER"]
[SourceTitle "EXT 2020"]
[Source "ChessBase"]
[SourceDate "2019.10.17"]
[SourceVersion "1"]
[SourceVersionDate "2019.10.17"]
[SourceQuality "1"]

1. e4 c5 2. Nf3 e6 3. Nc3 Nc6 4. d4 cxd4 5. Nxd4 a6 6. Be2 Qc7 7. 0-0 Nf6 8. Be3 Be7 9. f4 d6 10. Qe1 0-0 11. Qg3 Bd7 12. Rae1 b5 13. a3 Rac8 14. Kh1 Kh8 15. Bf3 Qd8 16. Qf2 Nxd4 17. Bxd4 Rc4 18. Rd1 Qb8 19. e5 Ne8 20. exd6 Bxd6 21. g3 Bc6 22. Ne4 Bxe4 23. Bxe4 Nf6 24. Bf3 b4 25. axb4 Rxb4 26. Ba7 Qc7 27. Rxd6 Qxd6 28. Qc5 Qxc5 29. Bxc5 Rfb8 30. Bxb4 Rxb4 31. b3 g6 32. Ra1 Rb6 33. Be2 Rc6 34. Bd3 Nd5 35. Rxa6 Rc3 36. Ra4 Ne3 37. Ra2 Nd5 38. Be4 Nb4 39. Ra4 Nxc2 40. Rc4 Rxc4 41. bxc4 Nd4 42. c5 Kg7 43. Kg1 Nb5 44. Kf2 f5 45. Bc6 Nc7 46. Ba4 Kf6 47. Ke3 e5 48. Bb3 h6 49. h4 g5 50. h5 gxf4+ 51. gxf4 Nb5 52. Bc4 Nc7 53. c6 Ne8 54. Bb3 Nc7 55. Kf3 Ne8 56. Bg8 Nc7 57. Bc4 Ne8 58. Ba6 Nc7 59. Bc8 Ne8 60. Bd7 Nc7 61. fxe5+ Kxe5 62. Ke3 Nd5+ 63. Kf3 Nc7 64. Ke3 1/2-1/2

[Event "Berlin Lichtenberger op 18th"]
[Site "Berlin"]
[Date "2019.08.22"]
[Round "6"]
[White "Matitschka, Johannes"]
[Black "Poseck, Steffen"]
[Result "0-1"]
[WhiteElo "1815"]
[BlackElo "2041"]
[PlyCount "118"]
[EventDate "2019.08.17"]
[EventType "swiss"]
[EventRounds "9"]
[EventCountry "GER"]
[SourceTitle "EXT 2020"]
[Source "ChessBase"]
[SourceDate "2019.10.17"]
[SourceVersion "1"]
[SourceVersionDate "2019.10.17"]
[SourceQuality "1"]

1. Nf3 c5 2. g3 Nc6 3. Bg2 g6 4. 0-0 Bg7 5. c3 e6 6. e4 Nge7 7. d4 cxd4 8. Nxd4 a6 9. Be3 0-0 10. Qd2 Ne5 11. Na3 Ng4 12. f4 Qc7 13. Rfd1 Rd8 14. Rac1 Nxe3 15. Qxe3 d6 16. Nb3 Rb8 17. Rd2 b5 18. Nc2 Bb7 19. Rcd1 Nc6 20. e5 dxe5 21. Nc5 exf4 22. gxf4 Rxd2 23. Rxd2 Bf8 24. Nxb7 Rxb7 25. Qe4 Rb6 26. Kh1 Ne7 27. Qe5 Qxe5 28. fxe5 Nc6 29. Bxc6 Rxc6 30. Rd8 Kg7 31. Nd4 Rb6 32. Rc8 Be7 33. Nc6 Bg5 34. Rc7 Kh6 35. Nd4 Bf4 36. Nc6 f6 37. Ne7 Bxe5 38. Ng8+ Kg5 39. Rxh7 f5 40. Rh3 Rb7 41. Re3 Kf4 42. Re1 Rh7 43. Kg2 Rd7 44. Rf1+ Kg5 45. Re1 Rd2+ 46. Kf3 Bxh2 47. Rxe6 Bg1 48. Ne7 Rf2+ 49. Ke3 Rxb2+ 50. Kd3 Bc5 51. Nxg6 Rxa2 52. Ne5 Kf4 53. Ng6+ Kg5 54. Ne5 f4 55. Ke4 Re2+ 56. Kd5 Kf5 57. Re8 Ba3 58. Kd4 Re4+ 59. Kd5 f3 0-1

[Event "Berlin Lichtenberger op 17th"]
[Site "Berlin"]
[Date "2018.08.25"]
[Round "8"]
[White "Schubert, Joachim"]
[Black "Poseck, Steffen"]
[Result "1-0"]
[WhiteElo "1845"]
[BlackElo "2052"]
[PlyCount "57"]
[EventDate "2018.08.18"]
[EventType "swiss"]
[EventRounds "9"]
[EventCountry "GER"]
[SourceTitle "CBM 186 Extra"]
[Source "ChessBase"]
[SourceDate "2018.08.24"]
[SourceVersion "1"]
[SourceVersionDate "2018.08.24"]
[SourceQuality "1"]

1. e4 c5 2. Nf3 a6 3. a4 d6 4. d4 cxd4 5. Nxd4 Nf6 6. Nc3 Nc6 7. Be2 e6 8. 0-0 Be7 9. Kh1 Qc7 10. f4 Nxd4 11. Qxd4 0-0 12. Rf3 e5 13. Qf2 Be6 14. f5 Bc4 15. Bd1 d5 16. exd5 Rfd8 17. Rg3 Bxd5 18. Be3 Qc6 19. Be2 Rac8 20. Rf1 Bc5 21. h4 Bxe3 22. Qxe3 Qc5 23. Qh6 Ne8 24. f6 g6 25. h5 Qf8 26. Qg5 Qd6 27. hxg6 hxg6 28. Nxd5 Qxd5 29. Rh3 1-0

[Event "Berlin CupT"]
[Site "Berlin"]
[Date "2018.06.16"]
[Round "5.3"]
[White "Poseck, Steffen"]
[Black "Alevizakis, Panagiotis"]
[Result "1-0"]
[WhiteElo "2022"]
[BlackElo "1885"]
[PlyCount "79"]
[EventDate "2018.05.27"]
[EventType "team-k.o."]
[EventRounds "5"]
[EventCountry "GER"]
[SourceTitle "EXT 2022"]
[Source "ChessBase"]
[SourceDate "2021.10.06"]
[SourceVersion "1"]
[SourceVersionDate "2021.10.06"]
[SourceQuality "1"]
[WhiteTeam "Weissensee Chemie"]
[BlackTeam "Caissa/Hermsdorf"]
[WhiteTeamCountry "GER"]
[BlackTeamCountry "GER"]

1. Nf3 g6 2. g3 Bg7 3. Bg2 c5 4. d4 cxd4 5. Nxd4 Nf6 6. 0-0 0-0 7. c4 Nc6 8. Nxc6 dxc6 9. Qc2 e5 10. Nc3 Be6 11. b3 Re8 12. Bb2 Qc7 13. Rad1 Rad8 14. Qc1 Rxd1 15. Rxd1 Rd8 16. Na4 Rxd1+ 17. Qxd1 Nd7 18. Qd2 f5 19. Qe3 b5 20. cxb5 cxb5 21. Nc3 a6 22. Nd5 Qc5 23. Qxc5 Nxc5 24. Nc7 Bc8 25. Bd5+ Kh8 26. Ne8 Be6 27. Bxe6 Nxe6 28. Nxg7 Kxg7 29. Bxe5+ Kf7 30. f3 Nc5 31. Bd6 Nd7 32. Bb4 Ke6 33. Kf2 Kd5 34. Ke3 Nc5 35. Bxc5 Kxc5 36. Kd3 g5 37. e4 fxe4+ 38. Kxe4 Kb4 39. f4 Ka3 40. f5 1-0

[Event "Berlin Lichtenberger op 16th"]
[Site "Berlin"]
[Date "2017.08.20"]
[Round "2"]
[White "Stern, Rene"]
[Black "Poseck, Steffen"]
[Result "1-0"]
[WhiteElo "2499"]
[BlackElo "2026"]
[PlyCount "67"]
[EventDate "2017.08.19"]
[EventType "swiss"]
[EventRounds "9"]
[EventCountry "GER"]
[SourceTitle "CBM 180 Extra"]
[Source "ChessBase"]
[SourceDate "2017.10.06"]
[SourceVersion "1"]
[SourceVersionDate "2017.10.06"]
[SourceQuality "1"]

1. Nf3 Nf6 2. c4 g6 3. Nc3 d5 4. e3 Bg7 5. Qb3 e6 6. Qa3 Bf8 7. Qa4+ Bd7 8. Qb3 dxc4 9. Bxc4 Nc6 10. Be2 Bg7 11. d4 0-0 12. 0-0 Na5 13. Qa3 Nc6 14. e4 Bc8 15. Rd1 b6 16. h3 Bb7 17. Bg5 h6 18. Bh4 g5 19. Bg3 Qe7 20. Qa4 a6 21. Rac1 b5 22. Qc2 Rfd8 23. a3 Rac8 24. e5 Nd7 25. Ne4 Ncb8 26. h4 Bxe4 27. Qxe4 Nb6 28. hxg5 hxg5 29. Qg4 f6 30. exf6 Bxf6 31. Bh4 Rd5 32. Rc5 Rcd8 33. Bxg5 Bxg5 34. Nxg5 1-0

[Event "Berlin Lichtenberger op 15th"]
[Site "Berlin"]
[Date "2016.08.16"]
[Round "4"]
[White "Poseck, Steffen"]
[Black "Fontaine, Constantin"]
[Result "1-0"]
[WhiteElo "2039"]
[BlackElo "1527"]
[PlyCount "39"]
[EventDate "2016.08.13"]
[EventType "swiss"]
[EventRounds "9"]
[EventCountry "GER"]
[SourceTitle "CBM 173 Extra"]
[Source "ChessBase"]
[SourceDate "2016.08.29"]
[SourceVersion "1"]
[SourceVersionDate "2016.08.29"]
[SourceQuality "1"]

1. Nf3 Nf6 2. d4 d5 3. e3 e6 4. Bd3 c5 5. b3 Nc6 6. Nbd2 Be7 7. 0-0 0-0 8. Bb2 b6 9. Ne5 Qc7 10. Nxc6 Qxc6 11. Nf3 Nd7 12. Qe2 f5 13. Rac1 Bf6 14. c4 Re8 15. Rfd1 Nf8 16. cxd5 Qxd5 17. dxc5 Bxb2 18. Qxb2 Bb7 19. Bb5 Qe4 20. Rd4 1-0

[Event "Berlin Lichtenberger op 13th"]
[Site "Berlin"]
[Date "2014.08.24"]
[Round "9"]
[White "Poseck, Steffen"]
[Black "Schilling, Hans"]
[Result "1/2-1/2"]
[WhiteElo "2019"]
[BlackElo "1846"]
[PlyCount "92"]
[EventDate "2014.08.16"]
[EventType "swiss"]
[EventRounds "9"]
[EventCountry "GER"]
[SourceTitle "CBM 161 Extra"]
[Source "ChessBase"]
[SourceDate "2014.08.29"]
[SourceVersion "1"]
[SourceVersionDate "2014.08.29"]
[SourceQuality "1"]

1. b3 d5 2. Bb2 Nf6 3. g3 c5 4. Bg2 Nc6 5. e3 Bg4 6. Bf3 Bxf3 7. Nxf3 e6 8. Ne5 Nxe5 9. Bxe5 Nd7 10. Bb2 Nf6 11. 0-0 Be7 12. c4 0-0 13. Qe2 dxc4 14. Qxc4 Qd5 15. Qxd5 Nxd5 16. a3 Bf6 17. Bxf6 Nxf6 18. Nc3 Rfd8 19. Rfd1 Rd3 20. Kf1 Rad8 21. Ke2 g5 22. h3 h5 23. Ra2 Kg7 24. Rb2 b6 25. Nb5 R8d7 26. Nd4 c4 27. Rc1 b5 28. Nxb5 Rxb3 29. Rxb3 cxb3 30. Nd4 Rb7 31. Rb1 b2 32. Kd3 e5 33. Nc2 Rd7+ 34. Ke2 Ne4 35. Rxb2 Rxd2+ 36. Ke1 Rxf2 37. Rb4 Rxc2 38. Rxe4 Rc5 39. Ra4 a5 40. g4 hxg4 41. hxg4 Kf6 42. Ke2 Ke6 43. Kf3 Kd5 44. Ke2 Kc6 45. Kd3 Kb5 46. Re4 Rd5+ 1/2-1/2

[Event "Berlin Lichtenberger op 13th"]
[Site "Berlin"]
[Date "2014.08.22"]
[Round "7"]
[White "Poseck, Steffen"]
[Black "Korell, Klaus Peter"]
[Result "0-1"]
[WhiteElo "2019"]
[BlackElo "1901"]
[PlyCount "110"]
[EventDate "2014.08.16"]
[EventType "swiss"]
[EventRounds "9"]
[EventCountry "GER"]
[SourceTitle "CBM 161 Extra"]
[Source "ChessBase"]
[SourceDate "2014.08.29"]
[SourceVersion "1"]
[SourceVersionDate "2014.08.29"]
[SourceQuality "1"]

1. Nf3 Nf6 2. d4 e6 3. e3 b6 4. Bd3 Bb7 5. 0-0 Be7 6. Nbd2 d5 7. Ne5 Nbd7 8. Bb5 Bd6 9. f4 0-0 10. Qf3 a6 11. Bd3 c5 12. c3 Qe7 13. g4 g6 14. Qh3 Ne4 15. Bxe4 dxe4 16. Ndc4 Bc7 17. f5 f6 18. Nxd7 Qxd7 19. Bd2 exf5 20. gxf5 g5 21. Be1 cxd4 22. cxd4 b5 23. Nd2 Rac8 24. Nb3 Bb6 25. Bb4 Rfd8 26. Bc5 Bxc5 27. Nxc5 Qf7 28. Ne6 Re8 29. b3 Bd5 30. Nc5 a5 31. Rf2 Rc6 32. Rb1 Ra8 33. Qf1 Rb8 34. Qe2 Qe8 35. Qe1 Qc8 36. Rbb2 Qe8 37. Rbc2 Rbc8 38. a3 Qf7 39. Rb2 Rb8 40. Qd2 Ra8 41. Qe2 Rb8 42. b4 a4 43. h4 h6 44. Qg4 Re8 45. hxg5 fxg5 46. Rh2 Rf6 47. Rbf2 Kg7 48. Rh5 Rh8 49. Kg2 Rf8 50. Rxg5+ hxg5 51. Qxg5+ Kh8 52. Rf4 Rg8 53. Rh4+ Qh7 54. Rxh7+ Kxh7 55. Nxe4 Bxe4+ 0-1

[Event "Berlin Lichtenberger op 13th"]
[Site "Berlin"]
[Date "2014.08.19"]
[Round "4"]
[White "Stets, Dmitry"]
[Black "Poseck, Steffen"]
[Result "1-0"]
[WhiteElo "2419"]
[BlackElo "2019"]
[PlyCount "55"]
[EventDate "2014.08.16"]
[EventType "swiss"]
[EventRounds "9"]
[EventCountry "GER"]
[SourceTitle "CBM 161 Extra"]
[Source "ChessBase"]
[SourceDate "2014.08.29"]
[SourceVersion "1"]
[SourceVersionDate "2014.08.29"]
[SourceQuality "1"]

1. e4 d5 2. exd5 Qxd5 3. Nc3 Qd8 4. d4 Nf6 5. Nf3 Bg4 6. h3 Bxf3 7. Qxf3 c6 8. Be3 e6 9. 0-0-0 Nbd7 10. Kb1 Nb6 11. g4 Be7 12. Bc1 Nbd5 13. Bg2 0-0 14. g5 Nxc3+ 15. Qxc3 Nd5 16. Qg3 b5 17. h4 Bd6 18. Qg4 Qa5 19. g6 b4 20. gxf7+ Kxf7 21. Rh3 Rfe8 22. Be4 Nc3+ 23. bxc3 bxc3 24. Qf3+ Kg8 25. Qxc3 Rab8+ 26. Ka1 Bb4 27. Qc4 Qb6 28. Rb3 1-0

[Event "Berlin Lichtenberger op 13th"]
[Site "Berlin"]
[Date "2014.08.17"]
[Round "2"]
[White "Glantz, Robert"]
[Black "Poseck, Steffen"]
[Result "1-0"]
[WhiteElo "2308"]
[BlackElo "2019"]
[PlyCount "103"]
[EventDate "2014.08.16"]
[EventType "swiss"]
[EventRounds "9"]
[EventCountry "GER"]
[SourceTitle "CBM 161 Extra"]
[Source "ChessBase"]
[SourceDate "2014.08.29"]
[SourceVersion "1"]
[SourceVersionDate "2014.08.29"]
[SourceQuality "1"]

1. e4 d5 2. exd5 Qxd5 3. Nc3 Qd6 4. d4 Nf6 5. Bd3 a6 6. Nf3 Bg4 7. 0-0 Nc6 8. Ne4 Nxe4 9. Bxe4 0-0-0 10. c3 f5 11. Bxc6 Qxc6 12. Ne5 Bxd1 13. Nxc6 bxc6 14. Rxd1 c5 15. Be3 cxd4 16. Bxd4 e6 17. Be5 Rxd1+ 18. Rxd1 Rg8 19. h4 g6 20. Kf1 Bg7 21. Bxg7 Rxg7 22. Re1 Re7 23. Re5 c6 24. Ke2 Kc7 25. b4 h6 26. Ke3 g5 27. hxg5 hxg5 28. g4 Rf7 29. f3 Kd6 30. Ra5 fxg4 31. fxg4 e5 32. Rxa6 Kd5 33. Ra5+ Kd6 34. a4 Rf4 35. Rc5 Rxg4 36. a5 Rf4 37. a6 Rf7 38. Ra5 Ra7 39. Ke4 g4 40. c4 Kd7 41. Kxe5 g3 42. Ra2 Ra8 43. c5 Ra7 44. Rg2 Rxa6 45. Rxg3 Ra4 46. Rg7+ Kc8 47. b5 cxb5 48. c6 Rh4 49. Kd6 Rh6+ 50. Kc5 b4 51. Kb6 Kd8 52. Kb7 1-0

[Event "Berlin Lichtenberger op 13th"]
[Site "Berlin"]
[Date "2014.08.16"]
[Round "1"]
[White "Poseck, Steffen"]
[Black "Koerber, Bernhard"]
[Result "1-0"]
[WhiteElo "2019"]
[BlackElo "1640"]
[PlyCount "35"]
[EventDate "2014.08.16"]
[EventType "swiss"]
[EventRounds "9"]
[EventCountry "GER"]
[SourceTitle "CBM 161 Extra"]
[Source "ChessBase"]
[SourceDate "2014.08.29"]
[SourceVersion "1"]
[SourceVersionDate "2014.08.29"]
[SourceQuality "1"]

1. d4 Nf6 2. Bg5 Ne4 3. Bh4 d5 4. f3 Nd6 5. Nc3 c6 6. e4 dxe4 7. fxe4 Qb6 8. Rb1 e6 9. Nf3 Na6 10. Be2 Nc7 11. Bf2 Ncb5 12. Nxb5 Nxb5 13. 0-0 Nd6 14. Bd3 Bd7 15. c4 Qc7 16. c5 Nc8 17. Bg3 Qd8 18. Ne5 1-0

[Event "Berlin Lichtenberger op 11th"]
[Site "Berlin"]
[Date "2012.08.21"]
[Round "4"]
[White "Poseck, Steffen"]
[Black "Meyer, Willfried"]
[Result "0-1"]
[WhiteElo "2076"]
[BlackElo "1807"]
[PlyCount "36"]
[EventDate "2012.08.18"]
[EventType "swiss"]
[EventRounds "9"]
[EventCountry "GER"]
[SourceTitle "CBM 150 Extra"]
[Source "ChessBase"]
[SourceDate "2012.10.19"]
[SourceVersion "1"]
[SourceVersionDate "2012.10.19"]
[SourceQuality "1"]

1. d4 Nf6 2. c4 e5 3. dxe5 Ne4 4. Nf3 b6 5. Qd5 Bb7 6. Qxb7 Nc6 7. Qa6 Bb4+ 8. Bd2 Nc5 9. Qb5 Bxd2+ 10. Nbxd2 a6 11. Qxc6 dxc6 12. 0-0-0 Qe7 13. e3 0-0 14. Be2 Rad8 15. Nd4 Qxe5 16. Nxc6 Qf6 17. Nxd8 Na4 18. Kc2 Qxb2+ 0-1

[Event "Berlin Lichtenberger op 9th"]
[Site "Berlin"]
[Date "2010.08.15"]
[Round "9"]
[White "Poseck, Steffen"]
[Black "Foerster, Jonas"]
[Result "0-1"]
[WhiteElo "2064"]
[BlackElo "2204"]
[PlyCount "74"]
[EventDate "2010.08.07"]
[EventType "swiss"]
[EventRounds "9"]
[EventCountry "GER"]
[SourceTitle "CBM 137 Extra"]
[Source "ChessBase"]
[SourceDate "2010.09.01"]
[SourceVersion "1"]
[SourceVersionDate "2010.09.01"]
[SourceQuality "1"]

1. d4 Nf6 2. Bg5 e6 3. Nf3 b6 4. e3 Bb7 5. Bd3 Be7 6. Nbd2 d5 7. 0-0 Nbd7 8. c4 0-0 9. Rc1 c5 10. cxd5 exd5 11. Re1 Ne4 12. Bxe7 Qxe7 13. Nf1 f5 14. Bb5 Ndf6 15. Ne5 Qd6 16. f3 Ng5 17. Qd3 g6 18. Qa3 a6 19. Be2 Ne6 20. g3 Rfd8 21. Red1 Rac8 22. b3 b5 23. Qb2 cxd4 24. exd4 f4 25. a4 b4 26. Qd2 Rxc1 27. Rxc1 Qb6 28. Rd1 Nh5 29. Qd3 Nhg7 30. Nxg6 hxg6 31. Qxg6 Rd6 32. Qd3 Rc6 33. Rd2 Qd8 34. Bd1 Qf6 35. Bc2 Kf7 36. g4 Rc3 37. Qh7 Ng5 0-1

[Event "Berlin Lichtenberger op 9th"]
[Site "Berlin"]
[Date "2010.08.14"]
[Round "8"]
[White "Junge, Wolfgang"]
[Black "Poseck, Steffen"]
[Result "0-1"]
[WhiteElo "1745"]
[BlackElo "2064"]
[PlyCount "136"]
[EventDate "2010.08.07"]
[EventType "swiss"]
[EventRounds "9"]
[EventCountry "GER"]
[SourceTitle "CBM 137 Extra"]
[Source "ChessBase"]
[SourceDate "2010.09.01"]
[SourceVersion "1"]
[SourceVersionDate "2010.09.01"]
[SourceQuality "1"]

1. d4 Nf6 2. c4 g6 3. Nc3 d5 4. cxd5 Nxd5 5. e4 Nxc3 6. bxc3 c5 7. Nf3 Bg7 8. Be3 Qa5 9. Qd2 Nc6 10. h3 0-0 11. Rc1 cxd4 12. cxd4 Qxd2+ 13. Kxd2 Rd8 14. Kc3 a6 15. Bc4 Na5 16. Kb4 Nxc4 17. Rxc4 f5 18. exf5 Bxf5 19. Rc7 b6 20. Ne5 Bf8 21. Rhc1 Rac8 22. Rxc8 Rxc8 23. Rxc8 Bxc8 24. a4 e6+ 25. Kc4 Bd6 26. f3 Bb7 27. Nd7 Bd5+ 28. Kc3 Bc7 29. Nf6+ Kh8 30. Nxd5 exd5 31. Bg5 Kg7 32. Be7 Kf7 33. Ba3 Kf6 34. Kd3 Bf4 35. Bb4 Bg3 36. Ba3 Kf5 37. Be7 h5 38. Bd8 b5 39. axb5 axb5 40. Be7 Be1 41. Bd6 h4 42. Be7 g5 43. Bd6 Ba5 44. Kc2 Bb6 45. Kd3 Ba5 46. Kc2 Be1 47. Kd3 Ke6 48. Bc7 Bb4 49. Bd8 Kf5 50. Bc7 Be7 51. Kc3 Bf6 52. Kd3 b4 53. Bd6 b3 54. Ba3 Bd8 55. Kc3 Kf4 56. Bd6+ Ke3 57. Kxb3 Kf2 58. f4 Kxg2 59. fxg5 Bxg5 60. Kb4 Kxh3 61. Kc5 Kg2 62. Kxd5 h3 63. Ke4 Bh4 64. d5 Bg3 65. Bxg3 Kxg3 66. d6 h2 67. d7 h1Q+ 68. Ke5 Qh8+ 0-1

[Event "Berlin Lichtenberger op 9th"]
[Site "Berlin"]
[Date "2010.08.07"]
[Round "2"]
[White "Bruedigam, Martin"]
[Black "Poseck, Steffen"]
[Result "1/2-1/2"]
[WhiteElo "2318"]
[BlackElo "2064"]
[PlyCount "93"]
[EventDate "2010.08.07"]
[EventType "swiss"]
[EventRounds "9"]
[EventCountry "GER"]
[SourceTitle "CBM 137 Extra"]
[Source "ChessBase"]
[SourceDate "2010.09.01"]
[SourceVersion "1"]
[SourceVersionDate "2010.09.01"]
[SourceQuality "1"]

1. e4 d5 2. exd5 Qxd5 3. Nf3 Nf6 4. d4 c6 5. c4 Qd8 6. Be2 g6 7. h3 Bg7 8. 0-0 0-0 9. Nc3 Bf5 10. Bf4 Ne4 11. Qb3 Qb6 12. Rfd1 Qxb3 13. axb3 Na6 14. g4 Nxc3 15. bxc3 Bd7 16. Ne5 Be8 17. Nd3 Bd7 18. Bf3 Rfc8 19. Re1 Bf8 20. Ra2 Nc7 21. Rea1 a6 22. Nc5 Ne6 23. Nxd7 Nxf4 24. Nb6 Nxh3+ 25. Kg2 Ng5 26. Nxa8 Rxa8 27. d5 c5 28. b4 Rc8 29. b5 Bg7 30. Ra3 Be5 31. Re1 f6 32. bxa6 bxa6 33. Rxa6 Rb8 34. Rc6 Bd6 35. Rc1 Ra8 36. Bd1 Nf7 37. Rb6 Ne5 38. Be2 Ra4 39. f3 Nxc4 40. Bxc4 Rxc4 41. Ra6 Kf7 42. Kf2 h5 43. gxh5 gxh5 44. Ke2 h4 45. Kd3 Rf4 46. Ke3 Rf5 47. Rh1 1/2-1/2

[Event "Berlin-ch Class-A"]
[Site "Berlin"]
[Date "2010.05.15"]
[Round "6"]
[White "Poseck, Steffen"]
[Black "Keusch, Horst"]
[Result "1-0"]
[WhiteElo "2084"]
[BlackElo "1980"]
[PlyCount "47"]
[EventDate "2010.05.12"]
[EventType "tourn"]
[EventRounds "7"]
[EventCountry "GER"]
[SourceTitle "EXT 2012"]
[Source "ChessBase"]
[SourceDate "2011.11.24"]
[SourceVersion "1"]
[SourceVersionDate "2011.11.24"]
[SourceQuality "1"]

1. g3 d5 2. Nf3 c5 3. Bg2 Nf6 4. 0-0 Nc6 5. d4 cxd4 6. Nxd4 e5 7. Nxc6 bxc6 8. c4 Bb7 9. cxd5 cxd5 10. Qa4+ Qd7 11. Qxd7+ Nxd7 12. Rd1 Nb6 13. b3 Rd8 14. a4 Bb4 15. a5 Nc8 16. Bd2 Bxd2 17. Rxd2 0-0 18. Nc3 Ne7 19. Rad1 Rb8 20. Nxd5 Nxd5 21. Bxd5 Bxd5 22. Rxd5 Rxb3 23. Rxe5 Rfb8 24. Rd7 1-0

[Event "Berlin-ch Class-A"]
[Site "Berlin"]
[Date "2010.05.15"]
[Round "5"]
[White "Zschaebitz, Klaus"]
[Black "Poseck, Steffen"]
[Result "1-0"]
[WhiteElo "2081"]
[BlackElo "2084"]
[PlyCount "57"]
[EventDate "2010.05.12"]
[EventType "tourn"]
[EventRounds "7"]
[EventCountry "GER"]
[SourceTitle "EXT 2012"]
[Source "ChessBase"]
[SourceDate "2011.11.24"]
[SourceVersion "1"]
[SourceVersionDate "2011.11.24"]
[SourceQuality "1"]

1. c4 Nf6 2. Nc3 d5 3. cxd5 Nxd5 4. g3 g6 5. Bg2 Nb6 6. d3 Bg7 7. Be3 0-0 8. Qc1 c6 9. Bh6 N8d7 10. h4 Nf6 11. h5 Bxh6 12. Qxh6 Ng4 13. Qd2 Qd4 14. Ne4 f5 15. Nf3 Qg7 16. Nc3 e5 17. hxg6 h6 18. Bh3 Nd7 19. Nh4 h5 20. Bxg4 hxg4 21. e4 Nc5 22. b4 Ne6 23. Nxf5 Rxf5 24. exf5 Nd4 25. 0-0-0 Bxf5 26. Ne4 Bxe4 27. dxe4 Qxg6 28. Rh6 Qxe4 29. Qg5+ 1-0

[Event "Berlin-ch Class-A"]
[Site "Berlin"]
[Date "2010.05.13"]
[Round "3"]
[White "Noetzel, Felix"]
[Black "Poseck, Steffen"]
[Result "1/2-1/2"]
[WhiteElo "1968"]
[BlackElo "2084"]
[PlyCount "68"]
[EventDate "2010.05.12"]
[EventType "tourn"]
[EventRounds "7"]
[EventCountry "GER"]
[SourceTitle "EXT 2012"]
[Source "ChessBase"]
[SourceDate "2011.11.24"]
[SourceVersion "1"]
[SourceVersionDate "2011.11.24"]
[SourceQuality "1"]

1. e4 d5 2. exd5 Qxd5 3. Nc3 Qa5 4. d4 Nf6 5. Bc4 c6 6. Nge2 Bf5 7. 0-0 e6 8. Bd2 Qc7 9. Ng3 Bg6 10. Qe2 Bd6 11. f4 0-0 12. Nce4 Nxe4 13. Nxe4 b5 14. Bd3 Nd7 15. c3 Rfe8 16. g4 Bxe4 17. Bxe4 Rab8 18. g5 g6 19. Rf3 f5 20. Bd3 Nb6 21. Raf1 a6 22. h4 c5 23. dxc5 Bxc5+ 24. Be3 e5 25. fxe5 Rxe5 26. Qh2 Rd8 27. Bc2 Nc4 28. Bb3 Rd3 29. Bxc5 Qxc5+ 30. R3f2 Qe3 31. Qf4 Qg3+ 32. Rg2 Qe3+ 33. Rgf2 Qg3+ 34. Rg2 Qe3+ 1/2-1/2

[Event "Berlin Lichtenberger op 8th"]
[Site "Berlin"]
[Date "2009.08.18"]
[Round "4"]
[White "Solonar, Stefan"]
[Black "Poseck, Steffen"]
[Result "1/2-1/2"]
[WhiteElo "2364"]
[BlackElo "2105"]
[PlyCount "39"]
[EventDate "2009.08.15"]
[EventType "swiss"]
[EventRounds "9"]
[EventCountry "GER"]
[SourceTitle "CBM 131 Extra"]
[Source "ChessBase"]
[SourceDate "2009.09.03"]
[SourceVersion "2"]
[SourceVersionDate "2009.09.16"]
[SourceQuality "1"]

1. c4 Nf6 2. Nc3 d5 3. cxd5 Nxd5 4. g3 g6 5. Bg2 Nxc3 6. bxc3 Bg7 7. Rb1 Nd7 8. Nf3 0-0 9. 0-0 c5 10. c4 Nb6 11. d3 Bd7 12. Be3 Qc7 13. Qd2 Nc8 14. Bf4 Nd6 15. Bh6 Bxh6 16. Qxh6 Nf5 17. Qd2 Bc6 18. Ng5 Bxg2 19. Kxg2 b6 20. Nf3 1/2-1/2

[Event "Berlin Lichtenberger op 8th"]
[Site "Berlin"]
[Date "2009.08.16"]
[Round "2"]
[White "Maslov, Maxim"]
[Black "Poseck, Steffen"]
[Result "0-1"]
[WhiteElo "1792"]
[BlackElo "2105"]
[PlyCount "52"]
[EventDate "2009.08.15"]
[EventType "swiss"]
[EventRounds "9"]
[EventCountry "GER"]
[SourceTitle "CBM 131 Extra"]
[Source "ChessBase"]
[SourceDate "2009.09.03"]
[SourceVersion "2"]
[SourceVersionDate "2009.09.16"]
[SourceQuality "1"]

1. e4 c5 2. Nc3 Nc6 3. g3 g6 4. Bg2 Bg7 5. d3 Rb8 6. f4 b5 7. Nf3 b4 8. Ne2 Nd4 9. 0-0 e6 10. e5 Qb6 11. Be3 Nxe2+ 12. Qxe2 Ne7 13. d4 Ba6 14. dxc5 Qa5 15. Qd2 Bxf1 16. Rxf1 Nd5 17. Rd1 0-0 18. Ng5 Nxe3 19. Qxe3 Rfc8 20. Rxd7 Qxc5 21. Qxc5 Rxc5 22. Rxa7 Rxc2 23. b3 h6 24. Ne4 Rd8 25. Nd6 Bf8 26. Nc4 Bc5+ 0-1